| Поле | Инд. | ПП | Название | Значение |
|---|---|---|---|---|
| Тип записи | a | |||
| Библиографический уровень | b | |||
| 001 | Контрольный номер | UNIDUBNAf3245838d9fa45e69038c19912267fce | ||
| 005 | Дата корректировки | 20230127154739.0 | ||
| 008 | Кодируемые данные | 20170331 | ||
| 040 | b | Код языка каталог. | rus | |
| e | Правила каталог. | PSBO | ||
| 041 | 0_ | a | Код языка текста | rus |
| 084 | a | Индекс другой классификации/Индекс ББК | 67.408.135 | |
| 100 | 1_ | a | Автор | Авдеев В. А. |
| q | Полное имя | Авдеев Вадим Авдеевич | ||
| 100 | 1_ | a | Автор | Авдеева О. А. |
| q | Полное имя | Авдеева Ольга Анатольевна | ||
| 245 | 10 | a | Заглавие | Основные направления совершенствования правовой политики по обеспечению в условиях глобализации информационной безопасности |
| 520 | 0_ | a | Аннотация | В статье раскрыты проблемы обеспечения информационной безопасности в условиях современной глобализации международной жизни, высоких темпов развития технико-информационных ресурсов. Отмечена актуальность оптимизации средств в сфере информационной безопасности. Приоритетная роль отводится совершенствованию уголовного и иного отраслевого законодательства, направленного на профилактику, предупреждение, противодействие преступлениям и правонарушениям в сфере компьютерной информации. Особое значение в сфере обеспечения информационной безопасности уделяется уголовно-правовому регулированию объектов уголовно-правовой охраны. Пристальное внимание уделяется вопросам обнаружения, раскрытия и точной юридической оценки преступлений и правонарушений, реализованных в киберпространстве. Подчеркивается значимость международного сообщества по установлению универсальных стандартов, обеспечивающих информационную безопасность |
| 650 | 14 | a | Основная рубрика | право |
| a | Основная рубрика | уголовное право | ||
| 653 | 0_ | a | Ключевые слова | информационная безопасность |
| a | Ключевые слова | классификация преступлений | ||
| a | Ключевые слова | показатели осужденных | ||
| a | Ключевые слова | преступления в сфере компьютерной информации | ||
| a | Ключевые слова | уголовная политика | ||
| a | Ключевые слова | уголовные преступления | ||
| a | Ключевые слова | уголовный закон | ||
| a | Ключевые слова | Уголовный кодекс РФ | ||
| 773 | 08 | t | Заглавие источника | Российская юстиция |
| d | Дата издания источника | 2021 | ||
| g | Прочая информация | № 3. - С. 2 - 4 | ||
| w | Контрольный № источника | b885f12bde384f57bfa824b25e31dd75 | ||
| 901 | t | Тип документа | b |